Essential JavaScript for Web Professionals /

Na minha lista:
Detalhes bibliográficos
Autor principal: Barrett, Dan (autor)
Formato: Livro
Idioma:inglês
Publicado em: Upper Saddle River, EUA : Prentice-Hall, 2003, c2003
Colecção:(Prentice-Hall Essential Guide)
Assuntos:
Tags: Adicionar Tag
Sem tags, seja o primeiro a adicionar uma tag!

MARC

LEADER 00000nam^a2200000^a^4500
001 000157811
005 20250521000000.0
009 20260310100552.827
020 |a 0-13-100147-7 
037 |a Acervo ITESO - Biblioteca 
041 |a ING 
082 |a 005. 133  |b BAR 
100 |a Barrett, Dan  |e (autor) 
245 1 0 |a Essential JavaScript for Web Professionals /  |c D. Barrett. 
264 4 |a Upper Saddle River, EUA :  |b Prentice-Hall,  |c 2003, c2003 
300 |a XXI, 319 p. 
336 |a texto  |b txt  |2 rdacontenido 
337 |a sin mediación  |b n  |2 rdamedio 
338 |a volumen  |b nc  |2 rdasoporte 
440 1 |a (Prentice-Hall Essential Guide) 
649 |a XX 
650 |a Páginas en Línea -  |x Diseño y Construcción 
650 |a Interfaz de Usuario 
650 |a Internet 
650 |a Redes de Computadoras 
650 |a Comunicación en Red 
650 |a Telecomunicaciones 
650 |a Hojas de Estilo (Ingeniería Computacional) 
650 |a Hipertexto 
650 |a Lenguajes de Programación 
650 |a Programación (Software) 
650 |a Desarrollo de Sistemas 
650 |a Sistemas Computacionales 
650 |a Ingeniería Computacional 
910 |a Fondo General 
920 |a Impresos - Libros 
930 |a Colección General 
905 |a 101 
901 |a 0500087378  |b IT1  |c ACC  |u 20250521 
902 |a https://opac.biblio.iteso.mx/vufind/Record/000157811